000 00500nam a2200157 a 4500
001 000047323
005 20201002053540.0
008 180502s1994 dr a 000 spa d
040 _aDO-SdBNP
_bspa
_cBNPHU
082 _axxx
_bA472
100 1 _aAlvárez Quintero, Serafin
_948735
245 3 _aEl genio alegre :. :
_bla muela del rey farfán, la reja, mañana de sol.
260 _aSanto Domingo :
_bCultural Panamericana,
_c1994.
300 _a214 p. :
_bil ;
_c20 cm.
590 _aInventariado,2018/DG
999 _c46811
_d46811